000 00348nam a2200169Ia 4500
100 _aMorris/Mano M
650 _aDigital Design
250 _a4
942 _cBK
366 _f25
245 _aDigital design
260 _bPearson Education
_c2008
082 _a621.3815
_bMAN
300 _a623
546 _aENGLISH
_cPAMPHALETS
999 _c19868
_d19868